Normal view MARC view

Entry Topical Term

Number of records used in: 1

001 - CONTROL NUMBER

  • control field: 9781

003 - CONTROL NUMBER IDENTIFIER

  • control field: OSt

005 - DATE AND TIME OF LATEST TRANSACTION

  • control field: 20211105133200.0

008 - FIXED-LENGTH DATA ELEMENTS

  • fixed length control field: 211105|| aca||aabn | a|a d

040 ## - CATALOGING SOURCE

  • Original cataloging agency: OSt
  • Transcribing agency: OSt

150 ## - HEADING--TOPICAL TERM

  • Topical term or geographic name entry element: Surface acoustic Wave devices

670 ## - SOURCE DATA FOUND

  • Source citation: Work cat.: (OSt): NATO Advanced Study institute on Astronomical Society of the Pacificects of Signal Processing with Emphasiss on Underwater Acoustics pt 1 Portovenere, La Spezia, Italy 1976 Aug 30-Sep 11 9780, Aspects of Signal processing, 1977

Powered by Koha